000 00484nam a2200193Ia 4500
003 GCL
008 140319s9999 xx 000 0 aRus d
040 _aGCL /
_cGCL
082 0 4 _a863
_bD L
100 1 _aDIEZ, LUIS MATEO
245 1 0 _aLOS MALES MENORES /
_cDIEZ, LUIS MATEO
260 _a[S.N] :
_bALFAGUARA HISPANICA ،
_c1993
300 _a148
650 0 4 _aLITERATURE
650 0 4 _aFICTION
650 0 4 _aSPANISH LITERATURE
650 0 4 _aSPANISH FICTION
942 _2ddc
_cBK
999 _c12873
_d12873